00882nam a2200253 a 4500001001000000005001700010008004100027041000800068044000700076050002300083245003400106260004000140300001800180500001800198500003200216500000900248500002400257500004500281500003400326500004200360500009300402506009200495650004100587BRCA_854920190320210328.0150816s1597----sp-#######---#000-0#lat-# alat asp 4aBX1970b.P76c159710aProprivm missarvm de tempore. aMatritibEx typographia regiac1597 a576 p.c43 cm aFondo antiguo aSe encuentra en Caja Fuerte aW-32 aContiene partituras aLibro impreso en dos tintas negro y rojo aCon Ex-libris de: Franz Mayer aEn la cubierta se localizan dos notas aNota de encuadernación: en piel, cantoneras de metal, el lomo se encuentra desprendido0 aFondo reservado: para su consulta es necesario credencial de usuario y carta de motivos14aIglesia católicaeLiturgiavtextos